000 00372nam a2200133Ia 4500
008 210210b1982 xxu||||| |||| 00| 0 eng d
082 _a338.954 MAHP
100 _aMAHAJAN (V S).
245 _aPlanning and socialistic transformation of Indian economy.
260 _aND
_bDeep & Deep Publications
_c1982
300 _a263
690 _aIndian Economics
906 _aSG02250
999 _c113403
_d113403